000
00339 a2200157 4500
001
179878
020
_a
040
_c
Magnum
100
_a
Bourcet, Marguerite
240
1
0
_a
Nas malhas do destino
_l
por
245
1
0
_a
Nas malhas do destino
362
0
_a
1899
440
1
_a
José Olympio
697
_a
MAGNITO: J/ROMANCE
942
_c
BK
999
_c
179878
_d
179878